[Event "Global Chess League 2023"]
[Site "Dubai UAE"]
[Date "2023.06.28"]
[Round "7.2"]
[White "Abdusattorov, Nodirbek"]
[Black "Grischuk, Alexander"]
[Result "1/2-1/2"]
[WhiteTitle "GM"]
[BlackTitle "GM"]
[WhiteElo "2732"]
[BlackElo "2736"]
[WhiteTeam "Balan Alaskan knights"]
[BlackTeam "Upgrad mumba masters"]
[WhiteFideId "14204118"]
[BlackFideId "4126025"]
[EventDate "2023.06.22"]

1. e4 e5 2. Nf3 Nc6 3. Bb5 Nf6 4. O-O Nxe4 5. d4 Nd6 6. Ba4 exd4 7. c3 Be7 8.
cxd4 b5 9. Bb3 O-O 10. Nc3 Bb7 11. Re1 Bf6 12. Ne5 Nc4 13. Nf3 a6 14. Ne4 Nb4
15. a3 Bxe4 16. Rxe4 Nd5 17. Ne5 c6 18. Nxc4 bxc4 19. Bxc4 Qb6 20. Rg4 Rfe8 21.
Bxd5 cxd5 22. h3 h5 23. Rf4 Re4 24. Rxe4 dxe4 25. d5 Bd4 26. Qe2 Re8 27. Rb1 Qc5
28. Bf4 e3 29. fxe3 Qxd5 30. Rd1 Qe4 31. Kf1 Bf6 32. Rxd7 Qf5 33. Qd3 Qxd3+ 34.
Rxd3 Bxb2 35. Rb3 Be5 36. Rb6 Bxf4 37. exf4 Re4 38. Rxa6 Rxf4+ 39. Ke2 g6 40.
Rd6 Ra4 41. Rd3 Kg7 42. Kd2 h4 43. Kc2 Ra8 44. Kb3 Rb8+ 45. Ka2 Re8 46. Rb3 Re2+
47. Rb2 Re4 48. Kb3 Re3+ 49. Kb4 Re4+ 50. Kc5 Re5+ 51. Kd6 Ra5 52. Ra2 Ra4 53.
Kc6 Kf6 54. Kb5 Re4 55. a4 Re5+ 56. Kb6 Re6+ 57. Kc7 Re7+ 58. Kd8 Ra7 59. a5 Ke5
60. Kc8 Kd6 61. Kb8 Re7 62. Rb2 Kc6 63. Rb6+ Kc5 64. Rf6 Re8+ 65. Kc7 Re7+ 66.
Kc8 Kb5 67. a6 Ra7 68. Kd8 Kc5 69. Ke8 Kd5 70. Kf8 Ke5 71. Kg7 g5 72. Rb6 f5+
73. Kg6 Kf4 74. Kh5 Rh7+ 75. Rh6 Ra7 76. Rc6 g4 77. Rc4+ Kg3 78. hxg4 f4 79. g5
Kxg2 80. Rxf4 h3 81. g6 h2 82. Rg4+ Kf3 83. Rh4 Kg2 84. Kh6 Rxa6 85. Kh7 h1=Q
86. Rxh1 Kxh1 87. g7 Ra7 88. Kh8 Rxg7 89. Kxg7 1/2-1/2

[Event "Global Chess League 2023"]
[Site "Dubai UAE"]
[Date "2023.06.28"]
[Round "7.3"]
[White "Radjabov, Teimour"]
[Black "Vidit, Santosh Gujrathi"]
[Result "1/2-1/2"]
[WhiteTitle "GM"]
[BlackTitle "GM"]
[WhiteElo "2747"]
[BlackElo "2712"]
[WhiteTeam "Balan Alaskan knights"]
[BlackTeam "Upgrad mumba masters"]
[WhiteFideId "13400924"]
[BlackFideId "5029465"]
[EventDate "2023.06.22"]

1. d4 Nf6 2. c4 e6 3. Nf3 d5 4. Nc3 c6 5. e3 Nbd7 6. Qc2 Bd6 7. b3 O-O 8. Be2 b6
9. Bb2 Bb7 10. O-O Qe7 11. Rad1 Rfe8 12. Rfe1 Rad8 13. Bf1 Bb4 14. a3 Bxa3 15.
Bxa3 Qxa3 16. Ra1 Qd6 17. Rxa7 Rb8 18. e4 dxe4 19. Nxe4 Nxe4 20. Qxe4 h6 21. h3
Red8 22. Ne5 Nf6 23. Qf3 Qc7 24. Qe3 c5 25. dxc5 bxc5 26. Nd3 Nd7 27. Rea1 Ra8
28. Rxa8 Rxa8 29. Rxa8+ Bxa8 30. b4 cxb4 1/2-1/2

[Event "Global Chess League 2023"]
[Site "Dubai UAE"]
[Date "2023.06.28"]
[Round "7.4"]
[White "Tan, Zhongyi"]
[Black "Koneru, Humpy"]
[Result "1/2-1/2"]
[WhiteTitle "GM"]
[BlackTitle "GM"]
[WhiteElo "2523"]
[BlackElo "2567"]
[WhiteTeam "Balan Alaskan knights"]
[BlackTeam "Upgrad mumba masters"]
[WhiteFideId "8603642"]
[BlackFideId "5008123"]
[EventDate "2023.06.22"]

1. c4 e6 2. g3 Nf6 3. Bg2 d5 4. Nf3 Nbd7 5. b3 Bd6 6. d4 c6 7. O-O O-O 8. Bb2
Qe7 9. Nc3 dxc4 10. bxc4 e5 11. e3 Re8 12. Qc2 Bc7 13. Rad1 exd4 14. exd4 Nb6
15. Rfe1 Qd8 16. Ne5 Bg4 17. Nxg4 Nxg4 18. Rxe8+ Qxe8 19. Ne4 f5 20. Ng5 Qg6 21.
Nf3 Qf7 22. d5 Re8 23. d6 Bd8 24. c5 Nd5 25. Bd4 f4 26. h3 Ngf6 27. g4 Nd7 28.
Rb1 Bf6 29. Bxf6 N7xf6 30. Ng5 Qd7 31. Bxd5+ cxd5 32. Qf5 h6 33. Qxd7 Nxd7 34.
Rxb7 Nxc5 35. Re7 Rd8 36. d7 Kf8 37. Rf7+ Kg8 38. Re7 Kf8 39. Rf7+ Kg8 40. Re7 1/2-1/2

[Event "Global Chess League 2023"]
[Site "Dubai UAE"]
[Date "2023.06.28"]
[Round "7.5"]
[White "Batsiashvili, Nino"]
[Black "Dronavalli, Harika"]
[Result "1/2-1/2"]
[WhiteTitle "GM"]
[BlackTitle "GM"]
[WhiteElo "2470"]
[BlackElo "2510"]
[WhiteTeam "Balan Alaskan knights"]
[BlackTeam "Upgrad mumba masters"]
[WhiteFideId "13602993"]
[BlackFideId "5015197"]
[EventDate "2023.06.22"]

1. d4 d5 2. c4 c6 3. Nf3 Nf6 4. g3 Bf5 5. Nc3 e6 6. Nh4 dxc4 7. Nxf5 exf5 8. Bg2
Nbd7 9. O-O Be7 10. d5 cxd5 11. Nxd5 O-O 12. Bf4 Nxd5 13. Qxd5 Nc5 14. Qxf5 Qc8
15. Qc2 Bf6 16. Qxc4 Ne6 17. Qe4 Nxf4 18. Qxf4 Qe6 19. Bxb7 Rab8 20. Qe4 Qxe4
21. Bxe4 Rxb2 22. Bd3 a5 23. a4 Rb4 24. Ra2 Rc8 25. Kg2 g6 26. Rd1 Rd4 27. e3
Rd6 28. Be2 Rxd1 29. Bxd1 Kg7 30. Bf3 Rc4 31. Bd5 Rc1 32. Rd2 Bc3 33. Re2 h5 34.
e4 Bd4 35. Rd2 Bc3 36. Rd3 Bb4 37. Rf3 f6 38. Rd3 Rc3 39. Rd1 g5 40. Be6 Rc7 41.
h4 Kf8 42. Rd5 Rc5 43. hxg5 Rxd5 44. Bxd5 fxg5 45. f4 Bd2 46. fxg5 Bxg5 47. e5
h4 48. gxh4 Bxh4 49. Kf3 1/2-1/2

[Event "Global Chess League 2023"]
[Site "Dubai UAE"]
[Date "2023.06.28"]
[Round "7.6"]
[White "Sadhwani, Raunak"]
[Black "Sindarov, Javokhir"]
[Result "1-0"]
[WhiteTitle "GM"]
[BlackTitle "GM"]
[WhiteElo "2603"]
[BlackElo "2646"]
[WhiteTeam "Balan Alaskan knights"]
[BlackTeam "Upgrad mumba masters"]
[WhiteFideId "35093487"]
[BlackFideId "14205483"]
[EventDate "2023.06.22"]

1. d4 Nf6 2. c4 g6 3. Nc3 Bg7 4. e4 d6 5. Nf3 O-O 6. Be2 e5 7. O-O Na6 8. Re1
Bg4 9. Be3 exd4 10. Nxd4 Bxe2 11. Qxe2 c6 12. Rad1 Qe7 13. f3 Nd7 14. Qd2 Rad8
15. Kh1 Rfe8 16. Bg5 Bf6 17. Bh6 Ne5 18. Qe2 Nc5 19. Be3 Bg7 20. b3 Qc7 21. Qc2
Qe7 22. Re2 h6 23. Bf2 h5 24. h3 Ned7 25. b4 Ne6 26. Red2 Nxd4 27. Bxd4 Bh6 28.
Rf2 Ne5 29. Qb3 Qh4 30. Rff1 b6 31. b5 Rc8 32. bxc6 Nxc6 33. Bf2 Qe7 34. Nd5 Qe6
35. f4 Bg7 36. Rfe1 Na5 37. Qf3 Nxc4 38. Bd4 Bxd4 39. Rxd4 f5 40. Qg3 Kf7 41.
Rf1 b5 42. Qb3 a6 43. a4 Rc5 44. axb5 axb5 45. Ra1 Rd8 46. Qg3 Kg7 47. exf5 Qxf5
48. Ne7 Qf6 49. Ra7 Kh6 50. h4 Rf8 51. Nd5 Rxd5 52. Rxd5 Rf7 53. Qg5+ Kg7 54.
Qxf6+ Kxf6 55. Rxf7+ Kxf7 56. Rxb5 Ne3 57. g3 Ke6 58. Kg1 d5 59. Kf2 Nf5 60.
Rb6+ Kf7 61. Ra6 Kg7 62. Ra5 Ne7 63. Kf3 Kf7 64. Ra7 Kf6 65. Ra6+ Kf7 66. Rd6
Kg7 67. Ra6 Nf5 68. Ra5 Ne7 69. g4 hxg4+ 70. Kxg4 Kh6 71. Ra6 Kg7 72. Kg5 Kf7
73. Rd6 Kg7 74. h5 gxh5 75. f5 Kf7 76. f6 Ng8 77. Rd7+ Ke6 78. f7 1-0

[Event "Global Chess League 2023"]
[Site "Dubai UAE"]
[Date "2023.06.28"]
[Round "7.1"]
[White "Anand, Viswanathan"]
[Black "Carlsen, Magnus"]
[Result "0-1"]
[WhiteTitle "GM"]
[BlackTitle "GM"]
[WhiteElo "2754"]
[BlackElo "2853"]
[WhiteTeam "Ganges grandmasters"]
[BlackTeam "SG Alpine Warriors"]
[WhiteFideId "5000017"]
[BlackFideId "1503014"]
[EventDate "2023.06.22"]

1. e4 e6 2. d4 d5 3. Nc3 Bb4 4. e5 c5 5. a3 Bxc3+ 6. bxc3 Nc6 7. Qg4 g6 8. h4 h6
9. h5 g5 10. f4 Qa5 11. Bd2 f5 12. Qg3 g4 13. dxc5 Nge7 14. Bd3 Qxc5 15. Ne2 Na5
16. Qf2 Qxf2+ 17. Kxf2 Bd7 18. a4 Kf7 19. Rhb1 b6 20. Bc1 Nec6 21. Ba3 Nd8 22.
Bb4 Ndb7 23. Nd4 Rhb8 24. Nb3 Nc4 25. Bxc4 dxc4 26. Nd4 Rc8 27. a5 b5 28. Rd1
Be8 29. Ne2 a6 30. Rd4 Rd8 31. Rad1 Rxd4 32. Rxd4 Bc6 33. Rd2 g3+ 34. Kg1 Rg8
35. Nd4 Rd8 36. Bd6 Be4 37. Bb4 Rd5 38. Kf1 Nd8 39. Ke1 Nc6 40. Ne2 Rxd2 41.
Kxd2 Bxg2 42. Nxg3 Bf3 43. Ke3 Bd1 44. Kd2 Bg4 45. Ke3 Ke8 46. Kd2 Ne7 47. Bxe7
Kxe7 48. Kc1 Kd7 49. Kb2 Kc6 50. Ka2 Kd5 51. Ka3 Kc5 52. Kb2 Bd1 53. Kc1 Bf3 54.
Kb2 b4 55. cxb4+ Kd4 56. c3+ Kd3 57. b5 axb5 58. a6 Kd2 59. a7 Bd5 60. Nxf5 exf5
61. e6 b4 62. e7 bxc3+ 63. Ka2 c2 64. a8=Q Bxa8 65. e8=Q Be4 66. Qd8+ Bd3 67.
Qd4 c1=N+ 68. Ka3 c3 69. Qb6 Ne2 70. Qxh6 c2 0-1

[Event "Global Chess League 2023"]
[Site "Dubai UAE"]
[Date "2023.06.28"]
[Round "7.5"]
[White "Khotenashvili, Bella"]
[Black "Paehtz, Elisabeth"]
[Result "1/2-1/2"]
[WhiteTitle "GM"]
[BlackTitle "GM"]
[WhiteElo "2470"]
[BlackElo "2477"]
[WhiteTeam "Ganges grandmasters"]
[BlackTeam "SG Alpine Warriors"]
[WhiteFideId "13602640"]
[BlackFideId "4641833"]
[EventDate "2023.06.22"]

1. d4 Nf6 2. Bg5 c6 3. Nf3 Qb6 4. Qc1 Ne4 5. h4 d6 6. e3 Nxg5 7. hxg5 g6 8. Nbd2
Be6 9. c3 c5 10. a4 Nc6 11. Nc4 Qc7 12. Qd2 cxd4 13. cxd4 Bd5 14. Rc1 a5 15. Na3
Bg7 16. Bb5 Rc8 17. Rh4 Bxf3 18. gxf3 d5 19. f4 O-O 20. Kf1 Qd6 21. Kg2 h5 22.
gxh6 Bf6 23. h7+ Kh8 24. Rh3 Nb4 25. Nb1 Rxc1 26. Qxc1 Qe6 27. Nc3 Qg4+ 28. Rg3
Qf5 29. Rh3 Qg4+ 30. Kh2 Qf5 31. Qd1 Kg7 32. Be2 e6 33. Kg2 Rh8 34. Nb5 Be7 35.
Bg4 Qd3 36. Rh1 Qxd1 37. Rxd1 Kxh7 38. Rc1 Nc6 39. Be2 Rc8 40. f3 Bb4 41. Kf2
Kg7 42. Rc2 Kf6 43. Bd3 Ke7 44. Kg3 Rh8 45. Kg2 Kd7 46. Be2 Be7 47. Rc1 g5 48.
fxg5 Bxg5 49. f4 Be7 50. Nc3 Bb4 51. Bb5 Kd6 52. Nd1 Ne7 53. Bd3 f5 54. Rc2 Rg8+
55. Kf2 Ng6 56. b3 Nh4 57. Bf1 Ng6 58. Nb2 Rh8 59. Nd3 Rh2+ 60. Bg2 Nh4 61. Kg3
Rxg2+ 62. Rxg2 Nxg2 63. Kxg2 Ba3 64. Kg3 Ke7 65. Kh4 Kf6 66. Kh5 Bf8 67. Kh4 Ba3
68. Kg3 Ke7 69. Kh4 Kf6 70. Kg3 Ke7 71. Kh4 Kf6 1/2-1/2

[Event "Global Chess League 2023"]
[Site "Dubai UAE"]
[Date "2023.06.28"]
[Round "7.6"]
[White "Esipenko, Andrey"]
[Black "Praggnanandhaa, R"]
[Result "0-1"]
[WhiteTitle "GM"]
[BlackTitle "GM"]
[WhiteElo "2682"]
[BlackElo "2690"]
[WhiteTeam "Ganges grandmasters"]
[BlackTeam "SG Alpine Warriors"]
[WhiteFideId "24175439"]
[BlackFideId "25059530"]
[EventDate "2023.06.22"]

1. d4 Nf6 2. c4 e6 3. Bf4 Bb4+ 4. Nd2 c5 5. dxc5 Bxc5 6. e3 b6 7. Ngf3 Bb7 8.
Be2 O-O 9. O-O Be7 10. h3 d6 11. Qc2 Nbd7 12. Rfd1 Rc8 13. Rac1 b5 14. Qb3 Nc5
15. Qa3 bxc4 16. Nxc4 Bd5 17. b4 Nce4 18. Na5 Qb6 19. Nd4 Rxc1 20. Rxc1 e5 21.
Ndc6 Re8 22. Bh2 Bf8 23. f3 Ng5 24. Kh1 e4 25. f4 Nf3 26. Bg3 Nh5 27. Bf2 Nxf4
28. Bf1 Nd2 29. Nd4 Nxf1 30. Rxf1 Nd3 31. b5 a6 32. bxa6 Qxa6 33. Qc3 Ra8 34.
Nab3 Qxa2 35. Bg3 Qb2 36. Qc7 Bxb3 37. Qb7 Ra2 38. Qxe4 Ne5 39. Rb1 Ra1 40. Rxa1
Qxa1+ 41. Kh2 Qa2 42. Bxe5 Bd5 0-1

[Event "Global Chess League 2023"]
[Site "Dubai UAE"]
[Date "2023.06.28"]
[Round "7.2"]
[White "Yu, Yangyi"]
[Black "Mamedyarov, Shakhriyar"]
[Result "0-1"]
[WhiteTitle "GM"]
[BlackTitle "GM"]
[WhiteElo "2734"]
[BlackElo "2740"]
[WhiteTeam "Triveni Continental Kings"]
[BlackTeam "Chingari Gulf Titans"]
[WhiteFideId "8603820"]
[BlackFideId "13401319"]
[EventDate "2023.06.22"]

1. e4 d5 2. exd5 Qxd5 3. Nc3 Qa5 4. d4 Nf6 5. Bc4 Bg4 6. Ne2 e6 7. f3 Bf5 8. g4
Bg6 9. h4 h6 10. Nf4 Bh7 11. Bd2 Qb6 12. Qe2 Nc6 13. Bb5 O-O-O 14. Na4 Qxd4 15.
Bxc6 Bxc2 16. Bxb7+ Kb8 17. Nc3 Kxb7 18. Be3 Qe5 19. Rc1 Bh7 20. Kf2 g5 21. hxg5
hxg5 22. Nb5 gxf4 23. Rxc7+ Qxc7 24. Nxc7 Bd3 25. Rxh8 Bxe2 26. Kxe2 fxe3 0-1

[Event "Global Chess League 2023"]
[Site "Dubai UAE"]
[Date "2023.06.28"]
[Round "7.4"]
[White "Lagno, Kateryna"]
[Black "Kosteniuk, Alexandra"]
[Result "1/2-1/2"]
[WhiteTitle "GM"]
[BlackTitle "GM"]
[WhiteElo "2552"]
[BlackElo "2523"]
[WhiteTeam "Triveni Continental Kings"]
[BlackTeam "Chingari Gulf Titans"]
[WhiteFideId "14109336"]
[BlackFideId "4128125"]
[EventDate "2023.06.22"]

1. e4 c5 2. Nf3 e6 3. d4 cxd4 4. Nxd4 Nf6 5. Nc3 Nc6 6. Ndb5 Bb4 7. a3 Bxc3+ 8.
Nxc3 d5 9. exd5 exd5 10. Bd3 O-O 11. O-O Bg4 12. f3 Bh5 13. Bg5 Qb6+ 14. Kh1 Ne4
15. Nxe4 dxe4 16. Bxe4 Qxb2 17. Qb1 Qb6 18. Qxb6 axb6 19. Be3 Bg6 20. Bxg6 hxg6
21. Bxb6 Rfe8 22. Kg1 Re2 23. Rf2 Re6 24. Rd2 Ne5 25. Bf2 Nc4 26. Rd3 Re2 27.
Rc3 b5 28. a4 Ree8 29. h4 Rec8 30. a5 b4 31. Rb3 Rxa5 32. Rxa5 Nxa5 33. Rxb4
Rxc2 34. Rb5 Nc6 35. Rc5 1/2-1/2

[Event "Global Chess League 2023"]
[Site "Dubai UAE"]
[Date "2023.06.28"]
[Round "7.5"]
[White "Khademalsharieh, Sarasadat"]
[Black "Shuvalova, Polina"]
[Result "1-0"]
[WhiteTitle "IM"]
[BlackTitle "IM"]
[WhiteElo "2488"]
[BlackElo "2496"]
[WhiteTeam "Triveni Continental Kings"]
[BlackTeam "Chingari Gulf Titans"]
[WhiteFideId "12512214"]
[BlackFideId "24171760"]
[EventDate "2023.06.22"]

1. d4 Nf6 2. c4 e6 3. Nf3 d5 4. Nc3 dxc4 5. e3 a6 6. Bxc4 b5 7. Bb3 Bb7 8. O-O
c5 9. dxc5 Nbd7 10. c6 Bxc6 11. Nd4 Bb7 12. Qe2 Bc5 13. Rd1 Qc7 14. Bd2 O-O 15.
Rac1 Qb6 16. Be1 Rfd8 17. a3 Rac8 18. Ba2 h6 19. b4 Be7 20. a4 bxa4 21. Nxa4 Qa7
22. Rxc8 Rxc8 23. Nxe6 Bc6 24. Nec5 Nxc5 25. Nxc5 Bxc5 26. bxc5 Qxc5 27. Qxa6
Be4 28. Qa5 Qe7 29. Bb4 Qe8 30. Bc3 Qc6 31. Bxf6 Qxf6 32. f3 Bg6 33. e4 Kh7 34.
Qd2 Qb6+ 35. Kh1 Rc5 36. Bd5 Qc7 37. f4 Rc2 38. Qe3 Rc3 39. Qf2 Rc2 40. Qf1 Bh5
41. Re1 Qc3 42. e5 Bg6 43. f5 Bh5 44. Be4 Rd2 45. e6 f6 46. Bf3 Be8 47. h3 Qc5
48. Bg4 Bc6 49. Bf3 Be8 50. Qg1 Qd6 51. Rd1 Rxd1 52. Bxd1 Qe5 53. Qf1 Bc6 54.
Bh5 Qe4 55. Bg6+ Kh8 56. Qf2 Qb1+ 57. Kh2 Qe4 58. Qg3 Be8 59. Bxe8 Qxf5 60. Bf7 1-0

[Event "Global Chess League 2023"]
[Site "Dubai UAE"]
[Date "2023.06.28"]
[Round "7.6"]
[White "Bjerre, Jonas Buhl"]
[Black "Nihal, Sarin"]
[Result "0-1"]
[WhiteTitle "GM"]
[BlackTitle "GM"]
[WhiteElo "2624"]
[BlackElo "2681"]
[WhiteTeam "Triveni Continental Kings"]
[BlackTeam "Chingari Gulf Titans"]
[WhiteFideId "1444948"]
[BlackFideId "25092340"]
[EventDate "2023.06.22"]

1. e4 e5 2. Nf3 Nc6 3. Bb5 a6 4. Ba4 Bc5 5. c3 Nge7 6. d4 exd4 7. cxd4 Bb4+ 8.
Bd2 Bxd2+ 9. Qxd2 d5 10. exd5 Qxd5 11. O-O Be6 12. Nc3 Qh5 13. Ne5 O-O 14. Nxc6
bxc6 15. Qf4 Qa5 16. Rac1 Rfd8 17. b3 Qb6 18. Rfd1 h6 19. Ne4 Bd5 20. Nc5 Rd6
21. Re1 Ng6 22. Qg3 Nf8 23. f3 Ne6 24. Nxe6 Bxe6 25. Qf2 Rad8 26. h3 Rxd4 27.
Rxc6 Qb4 28. Rxc7 Rd2 29. Qg3 Rxa2 30. Kh2 Rdd2 31. Rg1 h5 32. Qe5 Re2 33. Qg5
Qd6+ 34. Qg3 Qd4 35. Re7 h4 36. Qb8+ Kh7 37. Bc6 Qd2 38. f4 Qc3 39. f5 Bxf5 40.
Rxf7 Qxh3# 0-1

[Event "Global Chess League 2023"]
[Site "Dubai UAE"]
[Date "2023.06.29"]
[Round "8.2"]
[White "Mamedyarov, Shakhriyar"]
[Black "Grischuk, Alexander"]
[Result "1/2-1/2"]
[WhiteTitle "GM"]
[BlackTitle "GM"]
[WhiteElo "2740"]
[BlackElo "2736"]
[WhiteTeam "Chingari Gulf Titans"]
[BlackTeam "Upgrad mumba masters"]
[WhiteFideId "13401319"]
[BlackFideId "4126025"]
[EventDate "2023.06.22"]

1. e4 e5 2. Nf3 Nc6 3. Bb5 Nf6 4. d3 Bc5 5. Nbd2 Nd4 6. Nxd4 Bxd4 7. c3 Bb6 8.
d4 c6 9. dxe5 cxb5 10. exf6 Qxf6 11. O-O O-O 12. Qh5 d5 13. exd5 Bf5 14. Nf3
Rfe8 15. Be3 Bxe3 16. fxe3 Bd3 17. Rfe1 Rad8 18. Rad1 g6 19. Qg5 Qxg5 20. Nxg5
Rxd5 21. e4 Rxg5 22. Rxd3 Rge5 23. Rd7 R8e7 24. Rxe7 Rxe7 25. Kf2 Kg7 26. Ke3 f5
27. Kf3 Kf6 28. Re3 Rd7 29. exf5 Kxf5 30. Ke2 a6 31. Rf3+ Ke5 32. Re3+ Kf5 33.
Rf3+ Ke5 34. Re3+ Kf5 35. Rf3+ Ke5 1/2-1/2

[Event "Global Chess League 2023"]
[Site "Dubai UAE"]
[Date "2023.06.29"]
[Round "8.4"]
[White "Kosteniuk, Alexandra"]
[Black "Koneru, Humpy"]
[Result "1-0"]
[WhiteTitle "GM"]
[BlackTitle "GM"]
[WhiteElo "2523"]
[BlackElo "2567"]
[WhiteTeam "Chingari Gulf Titans"]
[BlackTeam "Upgrad mumba masters"]
[WhiteFideId "4128125"]
[BlackFideId "5008123"]
[EventDate "2023.06.22"]

1. e4 e5 2. Nf3 Nc6 3. Bc4 Nf6 4. d3 h6 5. O-O d6 6. a4 g6 7. a5 a6 8. d4 exd4
9. Nxd4 Ne5 10. Bb3 c5 11. Ne2 Bg7 12. Nd2 O-O 13. Nf4 Bd7 14. Nd5 Bb5 15. Re1
c4 16. Ba2 Nxd5 17. exd5 Re8 18. Ne4 f5 19. Nc3 Qxa5 20. Be3 Qc7 21. Qd2 Kh7 22.
f3 Bd7 23. Qf2 b5 24. Bd4 b4 25. Ne2 Qb7 26. Rad1 Qxd5 27. Be3 Qa5 28. Bb1 Qc7
29. Nf4 Bc6 30. h4 Qf7 31. Rxd6 Rad8 32. Bc5 Rxd6 33. Bxd6 Nxf3+ 34. gxf3 Bd4
35. Qxd4 Rxe1+ 36. Kf2 Rxb1 37. Bxb4 Rh1 38. Bc3 Qf8 39. Ne6 1-0

[Event "Global Chess League 2023"]
[Site "Dubai UAE"]
[Date "2023.06.29"]
[Round "8.5"]
[White "Shuvalova, Polina"]
[Black "Dronavalli, Harika"]
[Result "1-0"]
[WhiteTitle "IM"]
[BlackTitle "GM"]
[WhiteElo "2496"]
[BlackElo "2510"]
[WhiteTeam "Chingari Gulf Titans"]
[BlackTeam "Upgrad mumba masters"]
[WhiteFideId "24171760"]
[BlackFideId "5015197"]
[EventDate "2023.06.22"]

1. e4 e5 2. d4 exd4 3. Qxd4 Nc6 4. Qc4 Nf6 5. Nc3 Bb4 6. Bd2 O-O 7. O-O-O Re8 8.
f3 d6 9. Nge2 Be6 10. Qb5 Bd7 11. Nf4 a6 12. Qg5 Ne5 13. h4 h6 14. Qg3 Kh8 15.
Be2 Bb5 16. Qf2 Bxe2 17. Qxe2 b5 18. g4 Nc4 19. g5 Ng8 20. Nfd5 Nxd2 21. Qxd2
Bc5 22. Kb1 c6 23. Ne3 d5 24. Nf5 g6 25. Nxh6 Nxh6 26. h5 dxe4 27. Qf4 Qe7 28.
hxg6 fxg6 29. Rxh6+ Kg7 30. Nxe4 Rad8 31. Rdh1 Rh8 32. Qf6+ 1-0

[Event "Global Chess League 2023"]
[Site "Dubai UAE"]
[Date "2023.06.29"]
[Round "8.6"]
[White "Nihal, Sarin"]
[Black "Sindarov, Javokhir"]
[Result "1/2-1/2"]
[WhiteTitle "GM"]
[BlackTitle "GM"]
[WhiteElo "2681"]
[BlackElo "2646"]
[WhiteTeam "Chingari Gulf Titans"]
[BlackTeam "Upgrad mumba masters"]
[WhiteFideId "25092340"]
[BlackFideId "14205483"]
[EventDate "2023.06.22"]

1. Nf3 Nf6 2. b3 g6 3. Bb2 Bg7 4. g3 d6 5. Bg2 e5 6. c4 O-O 7. d3 c5 8. O-O Nc6
9. Nc3 h6 10. Nd2 Be6 11. Nde4 Qd7 12. a3 Rac8 13. Nxf6+ Bxf6 14. b4 b6 15. Nd5
Bg7 16. bxc5 bxc5 17. Bc3 Rb8 18. Qc2 Nd4 19. Bxd4 exd4 20. Rab1 h5 21. h4 Rfe8
22. Bf3 Kh7 23. Rxb8 Rxb8 24. Rb1 Rxb1+ 25. Qxb1 Qa4 26. Qb2 Be5 27. Kg2 Kg7 28.
Nc7 Bc8 29. Qb5 Qxb5 30. cxb5 Kf6 31. a4 d5 32. Nxd5+ Ke6 33. a5 Bb8 34. b6 Kd6
35. Nf6 axb6 36. axb6 Ba6 37. Ne4+ Kc6 38. b7 Kb6 39. Ng5 c4 40. dxc4 Bxc4 41.
Kf1 Be5 42. Be4 Kc7 43. Ke1 Bd6 44. Nf3 f5 45. Bd3 Bd5 46. Nxd4 Bxb7 47. Bb5 Kd8
48. e3 Ke7 49. Ke2 Kf6 50. Bc4 Be5 51. Nb3 Bd6 52. Nc1 Be4 53. Nb3 Bb7 54. Nd4
Be5 55. Kd2 Bc7 56. Nb3 Be5 57. Nc5 Bc6 58. Nd3 Bc7 59. Kc3 Ba5+ 60. Kd4 Bb6+
61. Kc3 Ba5+ 62. Nb4 Be4 63. Be2 Bd5 64. Bc4 Bf3 65. Kb3 g5 66. hxg5+ Kxg5 67.
Ka4 Bd8 68. Bd3 Kg4 69. Kb5 h4 70. gxh4 Bxh4 71. Nc6 Bxc6+ 72. Kxc6 Bxf2 73. e4
fxe4 74. Bxe4 1/2-1/2

[Event "Global Chess League 2023"]
[Site "Dubai UAE"]
[Date "2023.06.29"]
[Round "8.1"]
[White "Carlsen, Magnus"]
[Black "Aronian, Levon"]
[Result "0-1"]
[WhiteTitle "GM"]
[BlackTitle "GM"]
[WhiteElo "2853"]
[BlackElo "2742"]
[WhiteTeam "SG Alpine Warriors"]
[BlackTeam "Triveni Continental Kings"]
[WhiteFideId "1503014"]
[BlackFideId "13300474"]
[EventDate "2023.06.22"]

1. b3 d5 2. Bb2 Nf6 3. Nf3 Bg4 4. e3 e6 5. h3 Bh5 6. d3 h6 7. g4 Bg6 8. Ne5 Bh7
9. Nd2 Nfd7 10. Nxd7 Nxd7 11. Bg2 c6 12. Qe2 Qc7 13. f4 f6 14. O-O-O Qa5 15. e4
O-O-O 16. Kb1 Ba3 17. Bxa3 Qxa3 18. exd5 exd5 19. Rhe1 f5 20. Nf3 fxg4 21. hxg4
Rhf8 22. f5 Nf6 23. Bh3 d4 24. g5 hxg5 25. Nxg5 Bg8 26. Bg2 Rd5 27. Bxd5 Nxd5 0-1

[Event "Global Chess League 2023"]
[Site "Dubai UAE"]
[Date "2023.06.29"]
[Round "8.5"]
[White "Paehtz, Elisabeth"]
[Black "Khademalsharieh, Sarasadat"]
[Result "1/2-1/2"]
[WhiteTitle "GM"]
[BlackTitle "IM"]
[WhiteElo "2477"]
[BlackElo "2488"]
[WhiteTeam "SG Alpine Warriors"]
[BlackTeam "Triveni Continental Kings"]
[WhiteFideId "4641833"]
[BlackFideId "12512214"]
[EventDate "2023.06.22"]

1. e4 e5 2. Nf3 Nc6 3. d4 exd4 4. Nxd4 Nf6 5. Nxc6 bxc6 6. Bd3 d5 7. Qe2 dxe4 8.
Nc3 Bb4 9. Bxe4 Nxe4 10. Qxe4+ Qe7 11. Qxe7+ Kxe7 12. Bd2 Bd6 13. O-O-O Bf5 14.
Rhe1+ Kd7 15. Bf4 Rhe8 16. Rxe8 Rxe8 17. Be3 a6 18. Na4 Kc8 19. Nb6+ cxb6 20.
Rxd6 Kc7 21. Bf4 Kb7 22. Kd2 Re7 23. Rd8 Rd7+ 24. Rxd7+ Bxd7 25. b4 c5 26. bxc5
bxc5 27. c4 Kc6 28. Kc3 Be6 29. h4 h5 30. g3 Bf5 31. Be3 Be4 32. a3 Bf5 33. Bf4
Be4 34. Be3 Bf5 35. Bf4 Be4 36. Be3 1/2-1/2

[Event "Global Chess League 2023"]
[Site "Dubai UAE"]
[Date "2023.06.29"]
[Round "8.6"]
[White "Praggnanandhaa, R"]
[Black "Bjerre, Jonas Buhl"]
[Result "1-0"]
[WhiteTitle "GM"]
[BlackTitle "GM"]
[WhiteElo "2690"]
[BlackElo "2624"]
[WhiteTeam "SG Alpine Warriors"]
[BlackTeam "Triveni Continental Kings"]
[WhiteFideId "25059530"]
[BlackFideId "1444948"]
[EventDate "2023.06.22"]

1. Nf3 c5 2. c4 Nc6 3. Nc3 Nf6 4. g3 d5 5. cxd5 Nxd5 6. Bg2 g6 7. h4 Bg7 8. h5
Bf5 9. Ng5 e6 10. Nge4 Bxe4 11. Nxe4 Qe7 12. d3 O-O 13. hxg6 hxg6 14. Bg5 f6 15.
Bd2 f5 16. Ng5 f4 17. Bxd5 exd5 18. Bxf4 Rae8 19. Qd2 Nd4 20. e3 Qxg5 21. O-O-O
Qg4 22. exd4 Re2 23. Qa5 Bxd4 24. Rd2 Rfe8 25. Qc7 R2e7 26. Qa5 g5 27. Be3 Qf3
28. Re1 Bxe3 29. Rxe3 Rxe3 30. fxe3 Qxe3 31. Qxa7 Rf8 32. Kc2 Rf7 33. Qb8+ Kg7
34. Rh2 Rf2+ 35. Rxf2 Qxf2+ 36. Kb3 Qd4 37. Qxb7+ Kf6 38. Qb5 Qg1 39. a4 Qxg3
40. Qc6+ Kg7 41. Qxd5 g4 42. a5 Qf3 43. Qd7+ Kf6 44. Qd6+ Kf7 45. a6 g3 46. a7
g2 47. Qc7+ Kg6 48. Qd6+ Kg7 49. Qd7+ Kh6 50. Qe6+ Kh7 51. Qe4+ Qxe4 52. dxe4
g1=Q 53. a8=Q Qd1+ 54. Ka2 Qd4 55. Qd5 Qa4+ 56. Kb1 c4 57. e5 Qb4 58. Qf7+ Kh6
59. Qf6+ Kh7 60. Qf5+ Kg7 61. e6 Qe7 62. Kc2 Qb7 63. Qg5+ Kh7 64. Qf5+ Kh6 65.
Qf6+ Kh7 66. Qf7+ Qxf7 67. exf7 Kg7 68. Kc3 1-0